| 000 | 00943nam a22003017a 4500 | ||
|---|---|---|---|
| 001 | 5766 | ||
| 003 | FISKH | ||
| 005 | 20250121161736.0 | ||
| 008 | 250121b cb ||||| |||| 00| 0 eng d | ||
| 020 | _a9780064461948 | ||
| 040 |
_aFISKH _beng _cFISKH _dFISKH |
||
| 050 | _aF317.E9 | ||
| 082 | _a975.9 | ||
| 100 |
_aGeorge, Craighead Jean _d(1919–2012) |
||
| 245 |
_aEverglades / _cJean Craighead George |
||
| 250 | _aThis edition published in 1995 | ||
| 260 |
_aNew York : _bHarper Collins, _c1995. |
||
| 300 |
_a28 pages : _bcolor illustrations ; _c28 cm |
||
| 505 | _aN | ||
| 520 | _aDescribes the Florida Everglades, the evolution of this unique area, and the impact humans have had on its once-abundant life forms. | ||
| 521 | 8 |
_a570
_bLexile |
|
| 521 | 8 |
_aN
_bRaz-Plus |
|
| 650 |
_2Animals _aBirds |
||
| 650 |
_2Conservation _aFlorida |
||
| 700 |
_aMinor, Wendell _dillustrator |
||
| 942 |
_2ddc _cBK _n0 |
||
| 999 |
_c5766 _d5766 |
||